[Event "EICC 2017"]
[Site "Minsk"]
[Date "2017.06.08"]
[Round "9"]
[White "Gorovets, Andrey"]
[Black "Lupulescu, Constantin"]
[Result "1/2-1/2"]
[WhiteElo "2524"]
[BlackElo "2631"]
[Annotator "TA"]
[PlyCount "114"]
[EventDate "2017.??.??"]
[EventCountry "BLR"]
[SourceTitle "playchess.com"]
[Source "ChessBase"]
[SourceQuality "1"]

{[%evp 9,114,0,2,0,0,0,0,-1,16,0,20,18,20,20,25,25,23,24,18,16,18,0,0,0,0,0,0,0,0,0,0,0,0,0,35,31,43,33,32,0,0,0,47,0,8,0,2,-16,-35,-54,-50,-31,0,0,0,0,0,0,0,0,0,0,0,0,0,0,0,0,0,0,0,0,0,0,0,0,0,0,0,0,0,0,0,0,0,0,0,0,0,0,0,0,0,0,0,0,0,0,0,0,0,0,0,0,0,0,0]} 1. d4 d5 2. Bf4 c5 3. e3 cxd4 4. exd4 Nc6 5. c3 Bf5 6. Nf3 {B13: Caro-Kann: Exchange Variation and Panov-Botvinnik Attack} e6 7. Qb3 Qd7 8. Nbd2 h6 $146 ({Predecessor:} 8... a6 9. Ne5 Nxe5 10. Bxe5 Ne7 11. Be2 Nc6 12. Bg3 Be7 13. a4 {½-½ (28) Kamsky,G (2638)-Shimanov,A (2639) Greensboro 2016}) 9. Bb5 Bd6 10. Ne5 Qc7 11. c4 f6 12. cxd5 fxe5 13. dxc6 bxc6 14. dxe5 Bxe5 15. Bxc6+ Qxc6 16. Bxe5 Qxg2 17. Qa4+ Kf7 18. O-O-O $1 Nf6 19. Bxf6 $1 Kxf6 20. Qd4+ Kf7 ({But not} 20... Kg6 $2 21. Rhg1 $18) 21. Rhg1 Qc6+ 22. Nc4 g5 $1 23. Qc3 {[#] Hoping for Ne5+.} Kg8 $1 24. Rd6 Qe4 25. Rgd1 Qf4+ ({Don't play} 25... Qb1+ $6 26. Kd2 $16) 26. Ne3 Kh7 27. Rd7+ Kg6 $132 {[%mdl 2048] Black puts up resistance} 28. h4 Rhg8 29. Rh1 {[%cal Rh4h5] [#]} h5 30. Rd4 $1 {[%cal Rd4f4]} ({Don't blunder} 30. hxg5 $2 Rac8 $19) 30... Rgc8 {Threatens to win with ...Qxd4.} 31. Rxf4 {The position is equal.} Rxc3+ 32. bxc3 gxf4 $11 {[%mdl 4096] Endgame KRB-KRN} 33. Rg1+ $1 Kf6 34. Nxf5 exf5 {KR-KR} 35. Kd2 Rb8 {next ...Rb2+ is good for Black.} 36. Kc2 Re8 37. Rd1 f3 38. Rd6+ Ke5 39. Rd3 Rg8 40. Rxf3 Rg4 41. Re3+ Kf4 42. c4 {[%cal Bc3c4,Bc4c5,Bc5c6,Bc6c7][%mdl 32]} Rxh4 43. c5 Rh2 44. Re2 Rg2 45. Kd3 h4 46. c6 Rg8 {Strongly threatening ...h3.} 47. Re6 Rh8 48. c7 {Rh6! is the strong threat.} Rc8 49. Re7 h3 50. Rh7 h2 51. Rxh2 Rxc7 52. Rh3 Rb7 53. Kc2 Re7 54. Kd2 Rb7 {And now ...Rb2+ would win.} 55. Ra3 Kg4 56. Ke2 f4 57. Ra4 Re7+ {Precision: White = 82%, Black = 74%.} (57... a5 $5) 1/2-1/2

[Event "EICC 2017"]
[Site "Minsk"]
[Date "2017.06.08"]
[Round "9"]
[White "Sanikidze, Tornike"]
[Black "Bartel, Mateusz"]
[Result "1-0"]
[WhiteElo "2518"]
[BlackElo "2637"]
[Annotator "TA"]
[PlyCount "69"]
[EventDate "2017.??.??"]
[EventCountry "BLR"]
[SourceTitle "playchess.com"]
[Source "ChessBase"]
[SourceQuality "1"]

{[%evp 9,69,47,60,42,89,89,100,75,87,79,77,81,83,93,89,89,178,181,187,168,180,185,175,166,188,197,194,216,315,305,315,299,411,397,394,393,497,476,504,392,496,476,475,474,436,429,879,868,898,871,799,781,673,661,670,644,635,610,799,635,29989,29990]} 1. d4 f5 2. Bg5 g6 3. Nc3 Bg7 4. Qd2 (4. e3 d5 5. h4 c6 6. Nf3 Nd7 7. Bd3 Ngf6 8. h5 Qb6 9. Rb1 Ne4 10. Bf4 Rg8 11. O-O Bf6 12. hxg6 hxg6 13. Na4 Qd8 14. c4 {0-1 (36) Sunilduth Lyna,N (2536)-Caruana,F (2813) Douglas 2016}) 4... d5 5. f3 Nc6 {LiveBook: 4 Games} 6. e3 {A80: Dutch Defence: Unusual White second moves} Be6 $146 ({Predecessor:} 6... a6 7. Nge2 Nf6 8. O-O-O h6 9. Bxf6 exf6 10. Nf4 Ne7 11. e4 fxe4 12. fxe4 dxe4 13. Nxe4 {1-0 (20) Kosic,D (2519)-Biliskov,V (2325) Zadar 2004}) 7. Bb5 Nf6 8. Nge2 {White is better.} Bf7 9. Na4 Nd7 10. Bxc6 bxc6 11. Qc3 h6 12. Bf4 g5 (12... e5 $16 {was worth a try.}) 13. Be5 $18 Nxe5 14. dxe5 O-O 15. f4 e6 16. Nd4 gxf4 17. exf4 Qh4+ 18. g3 Qh3 (18... Qe7 $142 19. O-O (19. Qxc6 Rab8 $16) (19. Nxc6 Qd7 $16) 19... Rfc8) 19. O-O-O (19. Qxc6 Qg2 $18) (19. Nxc6 Be8 $18) 19... Rfe8 20. Nc5 ({Resist} 20. Nxc6 $6 Qg2 $18) 20... Rab8 21. Nxc6 Rb6 22. Nd7 Kh8 23. a4 ({Weaker is} 23. Nxb6 axb6 24. Rd2 Bh5 $18) 23... Bh5 24. Nxb6 cxb6 25. Nxa7 Bxd1 26. Rxd1 ({Less strong is} 26. Kxd1 Ra8 $18) 26... Qxh2 27. Nc8 h5 (27... Rg8 $142 28. Nxb6 Qg2) 28. Qc6 Rf8 29. Ne7 Qxg3 30. Qxe6 Kh7 31. Nxd5 h4 32. Nf6+ Bxf6 33. exf6 Qxf4+ 34. Kb1 {[#] White threatens Qe7+ and mate.} Qg5 35. Qe7+ {Precision: White = 92%, Black = 38%.} 1-0

[Event "EICC 2017"]
[Site "Minsk"]
[Date "2017.06.08"]
[Round "9"]
[White "Moskalenko, Alexander"]
[Black "Andriasian, Zaven"]
[Result "1/2-1/2"]
[WhiteElo "2514"]
[BlackElo "2622"]
[Annotator "TA"]
[PlyCount "147"]
[EventDate "2017.??.??"]
[EventCountry "BLR"]
[SourceTitle "playchess.com"]
[Source "ChessBase"]
[SourceQuality "1"]

{[%evp 20,147,54,25,109,106,111,109,131,131,152,141,163,157,135,99,157,144,139,160,180,151,177,190,334,304,412,396,513,505,483,369,394,352,335,160,142,0,0,0,0,0,0,0,0,0,0,0,0,-47,845,827,798,768,1138,616,605,600,579,569,511,441,430,426,751,749,737,720,666,703,741,739,761,750,701,675,775,325,29967,29967,12845,8032,6022,0,547,0,1418,448,567,568,562,445,304,34,35,36,783,714,1406,1357,1192,969,725,389,29973,29972,29969,8,309,0,309,309,309,309,309,8,8,0,309,0,8,8,8,8,8,8,8,8,8,-29976]} 1. e4 c5 2. Nf3 d6 3. Bb5+ Nc6 4. O-O Bd7 5. Re1 Nf6 6. c3 a6 7. Bf1 Bg4 8. d4 Bxf3 {B51: Sicilian: Moscow Variation (3 Bb5+) without 3...Bd7} (8... cxd4 9. cxd4 e5 10. d5 Nd4 11. Be3 Nxf3+ 12. gxf3 Bd7 13. Nd2 b5 14. a4 Be7 15. axb5 axb5 16. Rxa8 Qxa8 17. Nb3 {1-0 (26) Anand,V (2776)-Gharamian,T (2626) Bastia 2016}) 9. gxf3 cxd4 10. cxd4 e5 11. d5 {LiveBook: 12 Games} Nb8 (11... Nd4 $11) 12. Qb3 $16 Nbd7 $146 ({Predecessor:} 12... b6 13. Qa4+ Nfd7 14. Be3 Be7 15. Nd2 O-O 16. Rac1 {1-0 (58) Antipov,M (2502)-Cebalo,M (2426) Biel 2014}) 13. Qxb7 Be7 14. Be3 (14. Bxa6 $6 Nc5 $14) 14... O-O 15. Nd2 Nh5 16. b4 (16. Bxa6 Nc5 $11) 16... Bg5 17. Nc4 (17. Bxa6 $6 Bxe3 18. fxe3 Rb8 $11) 17... Bxe3 (17... f5 $142) 18. fxe3 (18. Rxe3 $6 f5 $14) 18... f5 19. exf5 $1 (19. Nxd6 Rf6 $15) 19... Rb8 20. Qc6 Rc8 21. Qxa6 (21. Qxd6 Rf6 $17) 21... Qg5+ (21... Ra8 {was called for.} 22. Qb5 Rb8) 22. Bg2 $18 e4 23. f4 Qh4 24. Nxd6 Ndf6 {...Ng4! is the strong threat.} 25. h3 (25. Nxc8 $2 Ng4 $19) 25... Rc2 {( -> ...Qf2+)} 26. Re2 Rc3 {[%cal Bc2c3,Bc3d3,Bd3d2][%mdl 32]} 27. Nb5 (27. Nxe4 $6 Nxe4 28. Qe6+ (28. Bxe4 Qg3+ 29. Kh1 Qxh3+ 30. Rh2 Qg4 $11) 28... Kh8 $18) (27. Rae1 $18 {and White stays clearly on top.}) 27... Rd3 $16 28. Qe6+ (28. Qb6 $16) 28... Kh8 $11 29. Nd6 Ng3 30. Ree1 (30. Rf2 $5 {[%cal Rd6f7]} Rxe3 31. Nf7+ (31. Qe7 Kg8 $16) 31... Rxf7 32. Qxf7 Ne2+ 33. Rxe2 Rxe2 34. Kh1 $11 (34. Qf8+ Ng8 $11)) 30... Rd2 {White must now prevent ...Nxf5!} 31. Qe7 Kg8 32. Qe6+ Kh8 33. Qe7 Kg8 {And now ...Nxf5! would win.} 34. Rac1 {aiming for Qe6+.} Ne2+ $2 {[%mdl 8192]} (34... Qh5 $15 35. Nxe4 Ngxe4) 35. Rxe2 $1 $18 Rxe2 36. Nxe4 Ra8 37. Qe6+ Kh8 38. Rc8+ Rxc8 39. Qxc8+ Ng8 40. f6 gxf6 41. Qc3 Kg7 (41... Qe1+ $142 42. Qxe1 Rxe1+ 43. Kf2 Ra1) 42. d6 Nh6 43. d7 Re1+ 44. Bf1 Rd1 45. Kg2 Rxd7 46. Ng3 Ra7 47. Qc8 f5 48. Kf3 (48. Qe8 $142 Rf7 49. Be2) 48... Rxa2 $2 (48... Qe7 $18 49. Nxf5+ Nxf5 50. Qxf5 Qb7+ 51. Kg4 Qc6 52. Qe5+ Kf7) 49. Qd7+ Kf8 50. Qd6+ Kg7 51. Qd7+ (51. Qe5+ $142 Kg6 52. Qe6+ Qf6 53. Qxa2) 51... Kf8 52. Qd6+ (52. Bc4 $142 Rc2 53. Qc8+ Ke7 54. Qc5+ (54. Nxf5+ Nxf5 55. Qe6+ Kd8 $18) 54... Kd8 55. Qd4+ Ke8 56. Bb3) 52... Kg7 53. Qxh6+ (53. Qe5+ $142 Kf8 54. Qh8+ Kf7 55. Bc4+ Ke7 56. Qg7+ Kd8 57. Bxa2) 53... Kxh6 54. Nxf5+ Kh5 55. Nxh4 Kxh4 {[%mdl 4096] Endgame KR-KB} 56. e4 $2 ({Better is} 56. b5 $18) 56... Ra3+ $14 57. Kf2 h5 $2 {[%mdl 8192] [#]} (57... Ra4 $14) 58. Be2 $1 $18 Ra4 59. e5 Rxb4 60. Kf3 Rb6 61. Bc4 Rb4 $2 (61... Kxh3 $18 62. f5 Kh4) 62. Bd5 Rb6 63. Bf7 $2 (63. e6 Rxe6 64. Bxe6 $11) (63. Ke3 {mates} Rb8 64. e6 Kxh3 65. Bc6 Rb1 66. Kd4 Ra1 67. e7 Rg1 68. e8=Q) 63... Ra6 $2 {[%mdl 8192]} (63... Rb1 $1 $11 {and Black is okay.}) 64. Bd5 $2 (64. Ke4 $18) 64... Ra3+ $2 {[%mdl 8192]} (64... Rb6 $1 $11 {and Black stays safe.} 65. Ke3 (65. e6 Rxe6 66. Bxe6 $11) 65... Rb8) 65. Kf2 Ra6 {[#]} 66. Ke3 $1 Ra3+ 67. Kd4 $2 (67. Ke4 $18 Ra4+ 68. Kf5) 67... Ra4+ $11 68. Ke3 $2 {[%mdl 8192]} (68. Kc5 $1 $11 Rxf4 69. e6) 68... Ra3+ $18 69. Kd4 $2 ({White must play} 69. Ke4 $18 Ra4+ 70. Kf5) 69... Ra4+ $11 {The position is equal.} 70. Bc4 {Threatens to win with e6.} Kxh3 71. e6 {[%cal Be5e6,Be6e7][%mdl 32]} Kg4 72. e7 Ra8 {Hoping for ...Re8.} 73. Ke5 Re8 $1 {[%cal Re8e7]} 74. Ke4 $2 {[%mdl 40960] Precision: White = 49%, Black = 31%. . An unexpected result.} (74. Be2+ $11 Kg3 75. Kd6 Rxe7 76. Kxe7 Kxf4 77. Bxh5) 1/2-1/2

[Event "EICC 2017"]
[Site "Minsk"]
[Date "2017.06.08"]
[Round "9"]
[White "Sviridov, Valery"]
[Black "Melkumyan, Hrant"]
[Result "0-1"]
[WhiteElo "2504"]
[BlackElo "2613"]
[Annotator "TA"]
[PlyCount "164"]
[EventDate "2017.??.??"]
[EventCountry "BLR"]
[SourceTitle "playchess.com"]
[Source "ChessBase"]
[SourceQuality "1"]

{[%evp 16,164,9,0,87,73,69,44,117,54,62,24,28,26,25,25,31,34,19,23,69,89,70,56,55,0,46,47,55,44,64,68,74,70,79,66,145,148,164,68,134,143,143,125,131,132,134,134,144,138,133,138,128,51,64,62,128,66,72,63,58,0,79,0,72,0,-15,-331,82,-532,-813,-854,-844,-359,-946,-1534,-1400,-1232,-1152,-854,-950,-918,-829,-686,-911,-840,-787,-5285,-2604,-6737,-3127,-12838,-12839,-12841,-12836,-12836,0,-12832,-12832,-12832,-12833,-12837,-12837,-12834,-12834,-12831,-12830,-12830,-12831,-12832,-12832,-12833,-12833,-12833,-12835,-12836,-12836,-12837,-12837,-12837,-12838,-12838,-12839,-12840,-12839,-12843,-12843,-12844,-12839,-12838,-12838,-12839,-12839,-12840,-12840,-12841,-12841,-12843,-12843,-12844,-12841,-12842,-12842,-12844,-12844,-12845,-12845,-12845,-12846,-29993,-29994]} 1. d4 d5 2. c4 c6 3. Nf3 Nf6 4. Qc2 g6 5. Bf4 Bg7 6. e3 O-O 7. Nc3 c5 8. dxc5 {D93: Grünfeld: 4 Nf3 Bg7 5 Bf4 0-0 6 e3} Qa5 9. Rd1 {LiveBook: 24 Games} Na6 (9... Bf5 $11 10. Bd3 Be6) 10. cxd5 $16 {White is better.} Nxc5 11. Be2 $146 ({Predecessor:} 11. Be5 Nfe4 12. Bxg7 Kxg7 13. Be2 e6 14. O-O Nxc3 15. bxc3 exd5 16. Rxd5 {1-0 (70) Bu,X (2692)-Harikrishna,P (2668) Bilbao 2007}) 11... b5 (11... Bf5 $14 12. Qd2 Na4) 12. O-O (12. Ne5 $16 {aiming for Nc6.} Bb7 13. b4) 12... Bf5 $14 13. Qc1 {Strongly threatening Nd4.} b4 14. Nb5 Rac8 15. d6 Nd3 16. Qa1 $1 Nxf4 (16... Qxb5 $6 17. Nd4 $16) 17. exf4 exd6 18. Nxd6 Rc7 19. Ne5 Be6 20. Bc4 (20. Nb5 $14) 20... Nd5 21. Bxd5 $1 Bxd5 22. b3 $1 Be6 23. Qb2 g5 24. Qd2 gxf4 25. Ndc4 Bxc4 ({Black should play} 25... Qa6 $1 $14) 26. Nxc4 $16 Qg5 27. Qe2 (27. Qxb4 $18 Re7 28. a3) 27... Bc3 (27... Rcc8 $14) 28. Qf3 Rc5 29. Rd7 a5 30. Rfd1 a4 31. h3 a3 32. R1d5 Rxd5 33. Rxd5 (33. Qxd5 Qxd5 34. Rxd5 Re8 $17) 33... Qf6 34. Rd6 ({Better is} 34. Nd6 $16) 34... Qf5 $14 {Hoping for ...Qb1+.} 35. Rd3 $1 Re8 ({Black should try} 35... Bg7 $14) 36. Nd6 (36. Kh2 $16 {Nd6 is the strong threat.} Qg6 37. Rd5) 36... Re1+ 37. Kh2 Qe6 38. Qh5 ({Not} 38. Qxf4 $2 Be5 $19) (38. Nc4 $1 $14) 38... Re5 (38... f3 $11 {keeps the balance.} 39. Qg5+ Qg6 40. Qd8+ Kg7 41. Rxf3 Be5+ 42. Rg3 Bxg3+ 43. fxg3 Qf6 44. Ne8+ Rxe8 $1 {[%mdl 512]} 45. Qxe8 Qb2) 39. Qf3 (39. Qh4 $5 {[%cal Rh4d8]}) 39... Re1 $1 40. Qh5 (40. Qxf4 $2 Be5 $19) (40. Nc4 $1 $16) 40... Qg6 $36 {[%mdl 2048] White is under pressure.} 41. Nf5 $2 {[%mdl 8192]} (41. Qa5 $11) 41... Re8 $2 {[#]} (41... h6 $19 42. g4 (42. Nxh6+ $2 Kh7 $19) (42. Qxh6 $2 Qxh6 43. Nxh6+ Kh7 $19) 42... Qxh5 43. gxh5 Re2) 42. Rd8 $2 {[%mdl 8192]} (42. Qe2 $1 $16 {[%cal Re2e8][%mdl 512]} Kf8 (42... Rxe2 43. Rd8+) 43. Rd8) 42... Rxd8 $19 43. Ne7+ Kg7 44. Nxg6 hxg6 {[%mdl 4096] Endgame KQ-KRB} 45. Qc5 Rd2 46. h4 Rxa2 47. h5 Re2 48. hxg6 Kxg6 49. Qc6+ Bf6 50. Qf3 a2 51. Qxe2 a1=Q 52. Qe4+ Kg7 53. Qxb4 Qd4 54. Qe1 Bh4 55. Kg1 Bf6 $2 (55... Qb2 $19 56. b4 Kf8) 56. Qe2 $2 {[%mdl 8192]} (56. Kh2 $11 Kf8 57. Qe2) 56... Qa1+ 57. Kh2 Qe5 58. Qg4+ Kh6 59. Qc8 Qh5+ 60. Kg1 Qd1+ 61. Kh2 Qxb3 62. Qf5 Bg5 63. Qe5 Qd3 64. Qh8+ Qh7 65. Qc3 Kg6+ 66. Kg1 Bf6 67. Qc4 Qh4 68. Qd5 Kg7 69. Qd3 Qg4 70. Kf1 Qh5 71. Kg1 Qe5 72. Qf3 Qe1+ 73. Kh2 Qe6 74. Kg1 Bd4 75. Qd1 Qe5 76. Qg4+ Kf8 77. Qc8+ Ke7 78. Qb7+ Kf6 {( -> ...Qe1+)} 79. Kf1 Bc5 80. Qa8 Qd4 {[%csl Gc5][%cal Rd4f2]} 81. Qh8+ Kg6 {[%csl Gc5][%cal Rd4f2]} 82. Qg8+ Kh6 {Precision: White = 35%, Black = 62%.} 0-1

[Event "EICC 2017"]
[Site "Minsk"]
[Date "2017.06.08"]
[Round "9"]
[White "Hamitevici, Vladimir"]
[Black "Oparin, Grigoriy"]
[Result "1/2-1/2"]
[WhiteElo "2490"]
[BlackElo "2604"]
[Annotator "TA"]
[PlyCount "85"]
[EventDate "2017.??.??"]
[EventCountry "BLR"]
[SourceTitle "playchess.com"]
[Source "ChessBase"]
[SourceQuality "1"]

{[%evp 23,85,-36,-33,-25,-24,-28,-33,-27,-41,-33,0,-20,-5,-24,0,0,0,1,0,0,42,43,56,54,64,53,53,52,107,33,37,12,18,11,12,12,12,19,12,12,34,0,19,12,12,12,19,10,11,0,0,0,0,0,0,0,0,0,0,0,0,0,0,0]} 1. Nf3 c5 2. g3 b6 3. Bg2 Bb7 4. O-O Nf6 5. d3 d5 6. Nbd2 e6 7. e4 Be7 8. Re1 Nc6 9. c3 O-O 10. e5 Nd7 11. Nf1 b5 {[%cal Bb6b5,Bb5b4][%mdl 32]} 12. h4 {C00: French: Unusual White 2nd moves} b4 {LiveBook: 5 Games} 13. c4 dxc4 $146 ({Predecessor:} 13... Nb6 14. Qc2 a5 15. b3 a4 16. Bb2 Ra6 17. Ne3 d4 18. Ng4 h5 19. Ngh2 Na5 {1-0 (55) Marinovic,B (2398)-Grbic,M (2305) Belgrade 2010}) 14. dxc4 {Black has an edge.} Qb6 15. Bf4 ({Avoid the trap} 15. Qxd7 $2 Rad8 $19) 15... Rfd8 16. N1d2 {[%cal Bf1d2,Bd2e4,Be4c5][%mdl 32]} Rac8 17. h5 h6 18. b3 Nd4 19. Nxd4 cxd4 20. Bxb7 Qxb7 21. Ne4 d3 (21... Nc5 $5 {[%cal Rc5e4]} 22. Nd6 Bxd6 23. exd6 f6 $11) 22. Qg4 Kf8 23. Rad1 Nc5 24. Nxc5 $1 Bxc5 25. Be3 Be7 ({Better is} 25... Bb6 $14) 26. f4 (26. Bd4 $16) 26... Rd7 27. Rf1 Kg8 28. Qf3 {Hoping for Qxb7.} Qc7 29. Rd2 Rcd8 30. Rfd1 Bc5 31. Qf2 Be7 32. Qf3 Bc5 {The position is equal.} 33. Kg2 {[%cal Bg1g2,Bg2f2,Bf2f3][%mdl 32]} Bxe3 34. Qxe3 {[%cal Rd2d3]} Qc6+ 35. Kf2 {[%cal Rd2d3]} Qa6 36. Kf3 (36. Kg1 {looks sharper.} Rd4 37. Qf3 Qb6 38. Kf1 Qa6 39. Re1) 36... Rd4 37. Rxd3 Rxd3 38. Rxd3 Rxd3 39. Qxd3 Qxa2 $11 {KQ-KQ} 40. c5 {[#] c6 is the strong threat.} Qa1 41. Qd8+ Kh7 42. Qd3+ (42. Kg4 $5 {[%cal Rd8d3]} Qc3 43. Qf8 $11) 42... Kg8 43. Qd8+ {Precision: White = 62%, Black = 75%.} 1/2-1/2

[Event "EICC 2017"]
[Site "Minsk"]
[Date "2017.06.08"]
[Round "9"]
[White "Iljiushenok, Ilia"]
[Black "Onischuk, Vladimir"]
[Result "0-1"]
[WhiteElo "2489"]
[BlackElo "2608"]
[Annotator "TA"]
[PlyCount "86"]
[EventDate "2017.??.??"]
[EventCountry "BLR"]
[SourceTitle "playchess.com"]
[Source "ChessBase"]
[SourceQuality "1"]

{[%evp 9,86,25,32,27,16,0,32,0,20,0,21,0,18,0,0,-35,-39,-40,-29,-81,-83,-70,-46,-97,-99,-104,-68,-61,-68,-71,-54,-56,-70,-73,-68,-69,-62,-61,-51,-68,-54,-126,-102,-116,-110,-197,-191,-201,-136,-149,-159,-254,-243,-248,-231,-235,-241,-241,-242,-277,-221,-253,-230,-289,-282,-331,-337,-335,-330,-311,-319,-390,-385,-457,-437,-437,-416,-387,-379]} 1. e4 e6 2. d4 d5 3. Nc3 Bb4 4. a3 Bxc3+ 5. bxc3 c5 {LiveBook: 11 Games} 6. dxc5 {C15: French: 3 Nc3 Bb4: Unusual White 4th moves} dxe4 (6... Ne7 7. exd5 exd5 8. Bd3 Nd7 9. Be3 Qc7 10. Qg4 Nxc5 11. Qxg7 Nxd3+ 12. cxd3 Rg8 13. Qd4 Rg4 {1-0 (44) Popov,I (2632)-Mirzoev,A (2536) Denizli 2013}) 7. Qxd8+ Kxd8 8. Bf4 {White is slightly better.} Bd7 $146 ({Predecessor:} 8... Nc6 9. Bb5 Bd7 10. Ne2 f5 11. O-O-O Ke7 12. Bd6+ Kf7 13. Bc4 Nf6 {1-0 (33) Maggiora,A (1632)-Garcia,A (1173) IECC email 2008}) 9. O-O-O Ne7 10. Bd6 Nbc6 11. Ne2 Nf5 12. Ng3 Nxd6 13. Rxd6 f5 14. Bc4 (14. Bb5 $11 {remains equal.} Ke7 15. Rhd1) 14... Ke7 $1 $17 15. Bb3 g6 16. f3 (16. Rhd1 $15 Rad8 17. Ne2) 16... exf3 17. gxf3 Rac8 18. Rhd1 $1 Rc7 19. Ne2 $1 Nd8 20. Nf4 Re8 21. h4 {[#]} Bc8 $1 22. Nd3 Nf7 23. Rd4 Kf6 24. f4 Bd7 25. Ne5 (25. Kb2 $15) 25... Nxe5 26. fxe5+ Ke7 27. R1d2 {[#]} (27. Rd6 $17) 27... Rf8 $1 $19 28. Kd1 Bc8 29. Rc4 f4 30. Ke2 (30. Rdd4 $17) 30... Rf5 31. Kf3 Rxe5 32. Rxf4 Rexc5 33. Kg2 Rf5 34. Rfd4 Bd7 35. Kg1 Bc6 36. Rd8 Rd7 37. R2xd7+ Bxd7 {[%mdl 4096] Endgame KRB-KRB} 38. Ra8 a6 39. Kh2 Bc6 40. Rh8 h5 41. Rc8 Rf2+ 42. Kg3 Rf3+ 43. Kh2 Rxc3 {Precision: White = 37%, Black = 89%.} 0-1

[Event "EICC 2017"]
[Site "Minsk"]
[Date "2017.06.08"]
[Round "9"]
[White "Khegay, Dmitriy"]
[Black "Indjic, Aleksandar"]
[Result "0-1"]
[WhiteElo "2482"]
[BlackElo "2587"]
[Annotator "TA"]
[PlyCount "114"]
[EventDate "2017.??.??"]
[EventCountry "BLR"]
[SourceTitle "playchess.com"]
[Source "ChessBase"]
[SourceQuality "1"]

{[%evp 15,114,11,41,22,22,10,12,12,13,16,19,21,15,15,73,95,89,85,83,17,42,10,19,12,17,27,23,21,21,-5,0,0,0,-13,-15,-15,-1,-21,-20,-22,0,-48,-10,-133,-127,-135,-84,-252,-263,-247,-258,-365,-382,-352,-379,-338,-245,-612,-583,-548,-367,-360,-368,-391,-399,-375,-378,-359,-383,-310,-223,-400,-404,-389,-378,-389,-370,-360,-361,-592,-564,-513,-514,-4898,-4802,-29990,-4870,-4831,-4831,-4782,-4774,-6323,-6323,-6323,-6322,-6170,-5725,-4910,-4910,-29993,-29994]} 1. e4 c5 2. Nf3 d6 3. d4 cxd4 4. Nxd4 Nf6 5. Nc3 a6 6. Be3 e5 7. Nf3 Qc7 8. a4 h6 9. Be2 {B90: Sicilian Najdorf: Unusual White 6th moves, 6 Be3 Ng4 and 6 Be3 e5} Be6 10. O-O Nbd7 11. a5 {The position is equal.} Be7 12. Nd5 Qc6 {[%cal Rf6d5]} (12... Nxd5 13. exd5 Bf5 14. c4 O-O 15. b4 Bh7 16. Nd2 f5 {1-0 (90) Leko,P (2723)-Nepomniachtchi,I (2714) Beijing 2014}) 13. Nxe7 Kxe7 14. Nd2 {[#]} Nc5 $146 (14... Rhd8 $11) ({Predecessor:} 14... d5 15. f4 exf4 16. Rxf4 dxe4 {1-0 (76) Petrosian,T (2592)-Gabuzyan,H (2585) Yerevan 2017}) 15. f3 $16 d5 16. b4 $1 Ncd7 17. Bd3 (17. f4 $16) 17... g5 18. Qe2 d4 19. Bf2 Rhc8 {[%cal Bh8c8,Bc8c7,Bc7c3][%mdl 32]} 20. Rfc1 Rc7 21. Be1 Rac8 22. Qf2 Qd6 23. Rab1 Kf8 24. g3 Kg7 25. Qf1 Rc3 26. Kh1 Ra3 27. Rb2 Qc6 28. Rd1 Qa4 29. Nb1 {[#]} (29. Rdb1 $11 {remains equal.}) 29... Rxd3 $1 $17 {[%mdl 512]} 30. Qxd3 (30. cxd3 Qxd1) 30... Bc4 $36 {[%mdl 2048] Black is on the roll.} (30... g4 $142 {Strongly threatening ...Bc4.} 31. fxg4 Qa1) 31. Qd2 $2 (31. Qa3 $17 {was the only chance.} Qxa3 32. Nxa3) 31... g4 $19 32. Qf2 Qa1 33. c3 (33. Rb3 $142 Bxb3 34. cxb3) 33... gxf3 34. Rbd2 Nxe4 35. Qxf3 Bd5 ({Weaker is} 35... Nxd2 36. Qg4+ Kf6 37. Nxd2 $11) 36. Qg4+ $2 {[#]} (36. Kg1 Ndf6 37. Qf5) 36... Ng5+ $1 37. Kg1 Rc7 38. Rf2 Be6 39. Qe2 Nh3+ 40. Kg2 Nxf2 41. Kxf2 Bb3 42. Rc1 f5 43. Bd2 $2 (43. Kg1 {is the only way for White.}) 43... e4 {[%cal Be5e4,Be4e3][%mdl 32]} 44. Bf4 e3+ 45. Kg2 Rc6 46. Kh3 Qa2 47. Qd3 $2 (47. Re1 Bc2 48. b5) 47... Bd5 48. Qxd4+ Nf6 {( -> ...Qg2+)} 49. Rg1 (49. Nd2 $142 Qxd2 50. Qxd2 exd2 51. Bxd2) 49... Qe2 {[%cal Re2h5]} 50. Be5 Be4 (50... Bf3 $142 51. Bxf6+ Rxf6 52. Qd7+ Kg6 53. Qe8+ Kg5 54. Qxe3+ Qxe3 55. Rf1 Rd6 56. b5 Qe4 57. Rxf3 Qxf3 58. Nd2 Rxd2 59. bxa6 Qh5#) 51. Bxf6+ Rxf6 {[%cal Re2h5]} 52. g4 Qf2 53. Rg3 f4 54. Qd7+ Rf7 55. Qd4+ {[#]} Kg8 $1 56. Qxe4 fxg3 {[%csl Gg3][%cal Rf2h2]} 57. Qg6+ Kh8 {Precision: White = 36%, Black = 75%.} 0-1